[Event "COL-chT Liga Quintal"]
[Site "Barranquilla"]
[Date "2019.06.16"]
[Round "7.2"]
[White "Ruiz Jaraba, Gabriel"]
[Black "Barraza, Luis Alberto"]
[Result "0-1"]
[WhiteElo "1730"]
[BlackElo "1945"]
[PlyCount "58"]
[EventDate "2019.03.17"]
[EventType "team-tourn"]
[EventRounds "7"]
[EventCountry "COL"]
[SourceTitle "EXT 2024"]
[Source "ChessBase"]
[SourceDate "2023.10.10"]
[SourceVersion "1"]
[SourceVersionDate "2023.10.10"]
[SourceQuality "1"]
[WhiteTeam "Quintal B"]
[BlackTeam "Centenario y Asociados"]
[WhiteTeamCountry "COL"]
[BlackTeamCountry "COL"]

1. e4 e5 2. Nf3 d6 3. d4 Nd7 4. Bc4 Be7 5. 0-0 Bf6 6. dxe5 dxe5 7. Be3 h6 8. Nc3 Ne7 9. Qd2 0-0 10. Rfd1 Kh7 11. h3 a6 12. Nh2 Ng6 13. Nd5 Bg5 14. Bxg5 hxg5 15. Nf3 Nf4 16. Nxf4 exf4 17. Qd5 f6 18. h4 Qe8 19. hxg5 Nb6 20. Qd3 Nxc4 21. Qxc4 Qh5 22. Qxc7 fxg5 23. Qe5 Bg4 24. Nxg5+ Kg6 25. Rd5 Rf6 26. f3 Rh8 27. fxg4 Qh2+ 28. Kf2 Qg3+ 29. Ke2 Qe3+ 0-1

[Event "COL-chT Liga Quintal"]
[Site "Barranquilla"]
[Date "2019.03.17"]
[Round "1.2"]
[White "Caballero Alvarado, Alexandra I"]
[Black "Ruiz Jaraba, Gabriel"]
[Result "0-1"]
[WhiteElo "1269"]
[BlackElo "1730"]
[PlyCount "78"]
[EventDate "2019.03.17"]
[EventType "team-tourn"]
[EventRounds "7"]
[EventCountry "COL"]
[SourceTitle "EXT 2024"]
[Source "ChessBase"]
[SourceDate "2023.10.10"]
[SourceVersion "1"]
[SourceVersionDate "2023.10.10"]
[SourceQuality "1"]
[WhiteTeam "Petrossian B"]
[BlackTeam "Quintal B"]
[WhiteTeamCountry "COL"]
[BlackTeamCountry "COL"]

1. e4 c5 2. Nf3 d6 3. d4 cxd4 4. Nxd4 Nf6 5. Nc3 a6 6. Bg5 Nbd7 7. Bc4 Qc7 8. Bb3 b5 9. a3 Bb7 10. 0-0 h6 11. Bxf6 Nxf6 12. Re1 g6 13. Nd5 Nxd5 14. Bxd5 Bxd5 15. exd5 Bg7 16. Rc1 0-0 17. c3 Rac8 18. Nf3 Qb7 19. Rc2 Rc5 20. Rd2 Rfc8 21. Re3 a5 22. Qe2 Bf6 23. Rc2 Qxd5 24. h3 b4 25. Rd2 Qb7 26. Kh2 bxc3 27. bxc3 Rxc3 28. Rxc3 Rxc3 29. Rb2 Qc7 30. Rd2 Rxa3 31. Nd4 Be5+ 32. g3 Qb7 33. Rb2 Qd5 34. Rd2 Bxd4 35. Qxe7 Ra1 36. Qe8+ Kg7 37. f3 Bg1+ 38. Kg2 Qxd2+ 39. Kh1 Qh2# 0-1

[Event "COL-ch sf1 U18"]
[Site "Cartagena"]
[Date "2018.03.03"]
[Round "5.2"]
[White "Ruiz Jaraba, Gabriel"]
[Black "Angulo Castillo, Francisco"]
[Result "1-0"]
[WhiteElo "1715"]
[BlackElo "1381"]
[PlyCount "57"]
[EventDate "2018.03.01"]
[EventType "swiss"]
[EventRounds "6"]
[EventCountry "COL"]
[SourceTitle "EXT 2024"]
[Source "ChessBase"]
[SourceDate "2023.10.10"]
[SourceVersion "1"]
[SourceVersionDate "2023.10.10"]
[SourceQuality "1"]

1. e4 d5 2. exd5 Nf6 3. d4 Nxd5 4. c4 Nb6 5. Nc3 e6 6. Nf3 Nc6 7. Be2 Bb4 8. 0-0 Bxc3 9. bxc3 0-0 10. Bd3 h6 11. Re1 Nd7 12. d5 exd5 13. cxd5 Ne7 14. c4 Nf6 15. h3 Bf5 16. Ba3 Re8 17. Bxe7 Rxe7 18. Bxf5 Rxe1+ 19. Qxe1 Qd6 20. Qe5 Qb6 21. Rb1 Qc5 22. Rxb7 Qxc4 23. Qxc7 Qxc7 24. Rxc7 Rd8 25. Rxa7 g6 26. Bc2 Rxd5 27. Bb3 Rd7 28. Ra8+ Kg7 29. Ne5 1-0

[Event "COL Intercollegiate-chT U18"]
[Site "Palmira"]
[Date "2017.10.21"]
[Round "5.6"]
[White "Cuevas Sanchez, Bramdon Daniel"]
[Black "Ruiz Jaraba, Gabriel"]
[Result "0-1"]
[WhiteElo "1721"]
[BlackElo "1773"]
[PlyCount "44"]
[EventDate "2017.10.19"]
[EventType "swiss"]
[EventRounds "12"]
[EventCountry "COL"]
[SourceTitle "CBM 181 Extra"]
[Source "ChessBase"]
[SourceDate "2017.12.12"]
[SourceVersion "1"]
[SourceVersionDate "2017.12.12"]
[SourceQuality "1"]

1. e4 c5 2. Nf3 d6 3. d4 cxd4 4. Nxd4 Nf6 5. Nc3 a6 6. f3 e5 7. Nb3 b5 8. Be3 Bb7 9. Qd2 Nbd7 10. 0-0-0 Rc8 11. g4 Nb6 12. Qf2 Nfd7 13. h4 Rxc3 14. bxc3 Qc7 15. Bxb6 Nxb6 16. Qe3 d5 17. Rd2 b4 18. cxb4 Bxb4 19. Rg2 d4 20. Qf2 Na4 21. Bd3 Qc3 22. Kd1 Nb2+ 0-1

[Event "COL Intercollegiate-chT U18"]
[Site "Palmira"]
[Date "2017.10.20"]
[Round "4.6"]
[White "Ruiz Jaraba, Gabriel"]
[Black "Dorado Piamba, Juan Jose"]
[Result "0-1"]
[WhiteElo "1773"]
[BlackElo "1513"]
[PlyCount "66"]
[EventDate "2017.10.19"]
[EventType "swiss"]
[EventRounds "12"]
[EventCountry "COL"]
[SourceTitle "CBM 181 Extra"]
[Source "ChessBase"]
[SourceDate "2017.12.12"]
[SourceVersion "1"]
[SourceVersionDate "2017.12.12"]
[SourceQuality "1"]

1. e4 c5 2. Nf3 d6 3. d4 cxd4 4. Nxd4 Nf6 5. Nc3 g6 6. Be3 Bg7 7. f3 Nc6 8. Qd2 0-0 9. 0-0-0 Bd7 10. h4 Rc8 11. Nxc6 bxc6 12. h5 Be6 13. hxg6 fxg6 14. Bh6 Qa5 15. Bxg7 Kxg7 16. Qh6+ Kg8 17. g4 Rf7 18. g5 Nd7 19. Bh3 Bxh3 20. Rxh3 Qe5 21. Ne2 Rb8 22. c3 Qb5 23. Rd2 Nc5 24. Nd4 Qc4 25. Nxc6 Rc8 26. Nb4 a5 27. Rdh2 axb4 28. Qxg6+ Rg7 29. Qf5 Nd3+ 30. Kb1 bxc3 31. bxc3 Rb8+ 32. Kc2 Rb2+ 33. Kd1 Qa4+ 0-1

[Event "COL-ch sf2 U18"]
[Site "Cartagena"]
[Date "2017.03.11"]
[Round "5.4"]
[White "Gaviria Gomez, Juan Sebastian"]
[Black "Ruiz Jaraba, Gabriel"]
[Result "1-0"]
[WhiteElo "1490"]
[BlackElo "1683"]
[PlyCount "95"]
[EventDate "2017.03.09"]
[EventType "swiss"]
[EventRounds "5"]
[EventCountry "COL"]
[SourceTitle "EXT 2024"]
[Source "ChessBase"]
[SourceDate "2023.10.10"]
[SourceVersion "1"]
[SourceVersionDate "2023.10.10"]
[SourceQuality "1"]

1. e4 c5 2. d4 cxd4 3. c3 Nf6 4. e5 Nd5 5. cxd4 e6 6. Nf3 d6 7. Bb5+ Nd7 8. 0-0 a6 9. Bxd7+ Bxd7 10. Bd2 Be7 11. Nc3 Nxc3 12. Bxc3 0-0 13. Re1 Bc6 14. Qe2 Bd5 15. a3 Rc8 16. Rac1 dxe5 17. dxe5 Bc4 18. Qe4 Qd5 19. Rcd1 Qxe4 20. Rxe4 Bd5 21. Re3 Bc5 22. Bd4 Bxd4 23. Nxd4 b5 24. h3 Rc7 25. Ree1 Rfc8 26. Ne2 g6 27. Rc1 Rc2 28. Nc3 Rxb2 29. Nxd5 Rxc1 30. Nf6+ Kg7 31. Rxc1 Ra2 32. Rc3 Ra1+ 33. Kh2 Ra2 34. Kg3 a5 35. Ne8+ Kf8 36. Nd6 b4 37. axb4 axb4 38. Rb3 Ra3 39. Rf3 Ke7 40. Nc4 Rc3 41. Rxc3 bxc3 42. Ne3 f5 43. f4 Kd7 44. Kf2 Kc6 45. Ke2 c2 46. Nxc2 Kd5 47. Ke3 Kc4 48. Nd4 1-0

[Event "COL-ch sf2 U16"]
[Site "Cartagena"]
[Date "2016.04.29"]
[Round "2.1"]
[White "Marcial Torres, Jesus"]
[Black "Ruiz Jaraba, Gabriel"]
[Result "0-1"]
[WhiteElo "2037"]
[BlackElo "1574"]
[PlyCount "128"]
[EventDate "2016.04.28"]
[EventType "swiss"]
[EventRounds "6"]
[EventCountry "COL"]
[SourceTitle "EXT 2024"]
[Source "ChessBase"]
[SourceDate "2023.10.10"]
[SourceVersion "1"]
[SourceVersionDate "2023.10.10"]
[SourceQuality "1"]

1. e4 e6 2. d3 d5 3. Nd2 c5 4. g3 Nc6 5. Bg2 Nf6 6. Ngf3 Qc7 7. 0-0 Be7 8. c3 0-0 9. Qe2 Re8 10. Re1 b5 11. a3 Bb7 12. b4 c4 13. e5 cxd3 14. Qxd3 Ne4 15. Nxe4 dxe4 16. Rxe4 a5 17. bxa5 Nxa5 18. Re1 Nc4 19. Nd4 Bxg2 20. Kxg2 Bxa3 21. Bxa3 Rxa3 22. Rxa3 Nxa3 23. Kg1 Qc5 24. Nf3 h6 25. Nd2 Rc8 26. Re3 Nc4 27. Nxc4 Qxc4 28. Qxc4 Rxc4 29. Kf1 Kh7 30. Ke2 Kg6 31. f4 Kf5 32. Kf3 g5 33. fxg5 hxg5 34. h3 g4+ 35. hxg4+ Rxg4 36. Rd3 Rc4 37. Re3 Rc5 38. g4+ Kg5 39. Rd3 Rxe5 40. Rd7 Kg6 41. Rc7 Re1 42. Rc5 Rc1 43. Kf4 f6 44. Ke4 Rb1 45. Rc6 Re1+ 46. Kf4 e5+ 47. Kf3 Kg5 48. Rc8 Rc1 49. Rg8+ Kh6 50. Rc8 b4 51. c4 b3 52. Rb8 Rc3+ 53. Ke4 Rxc4+ 54. Kf5 Rf4+ 55. Ke6 Kg5 56. Rxb3 Kxg4 57. Kd5 e4 58. Kd4 e3+ 59. Kd3 Kf3 60. Rb2 Re4 61. Rb6 f5 62. Rb5 f4 63. Rb1 e2 64. Kd2 Kf2 0-1

[Event "COL-ch U16"]
[Site "Medellin"]
[Date "2016.04.15"]
[Round "8"]
[White "Martinez, Cristian Camilo"]
[Black "Ruiz Jaraba, Gabriel"]
[Result "0-1"]
[WhiteElo "1947"]
[BlackElo "1667"]
[PlyCount "122"]
[EventDate "2016.04.11"]
[EventType "tourn"]
[EventRounds "9"]
[EventCountry "COL"]
[SourceTitle "EXT 2018"]
[Source "ChessBase"]
[SourceDate "2017.10.13"]
[SourceVersion "1"]
[SourceVersionDate "2017.10.13"]
[SourceQuality "1"]

1. e4 c5 2. Nf3 d6 3. d4 cxd4 4. Nxd4 Nf6 5. Nc3 a6 6. Be3 e5 7. Nb3 Be7 8. f3 Be6 9. Qd2 b5 10. 0-0-0 Nbd7 11. g4 0-0 12. g5 Ne8 13. h4 Rb8 14. Kb1 Nb6 15. Bxb6 Qxb6 16. h5 b4 17. Ne2 a5 18. g6 h6 19. gxf7+ Bxf7 20. Ng3 a4 21. Nc1 Bg5 22. Qd3 a3 23. b3 Qc5 24. Bh3 Rb7 25. Nce2 Kh8 26. c4 bxc3 27. Qxc3 Qxc3 28. Nxc3 Bxb3 29. axb3 Rxb3+ 30. Kc2 Rb2+ 31. Kd3 Rxf3+ 32. Kc4 Rxg3 33. Ra1 Rc2 34. Rxa3 Nc7 35. Bf5 Kg8 36. Rh3 Rxh3 37. Bxh3 Bd2 38. Bg4 Kf7 39. Kd3 Rxc3+ 40. Rxc3 Bxc3 41. Kxc3 d5 42. exd5 Nxd5+ 43. Kd3 Kf6 44. Ke4 Kg5 45. Bf3 Nf6+ 46. Kxe5 Nxh5 47. Bc6 Nf6 48. Ba8 h5 49. Bc6 h4 50. Bg2 Ng4+ 51. Ke4 h3 52. Bf1 h2 53. Bg2 h1Q 54. Bxh1 Nf2+ 55. Kf3 Nxh1 56. Kg2 Kg4 57. Kxh1 g6 58. Kh2 Kf3 59. Kh1 Kf2 60. Kh2 g5 61. Kh3 Kf3 0-1

[Event "COL-ch U16"]
[Site "Medellin"]
[Date "2016.04.14"]
[Round "6"]
[White "Cuevas Sanchez, Bramdon Daniel"]
[Black "Ruiz Jaraba, Gabriel"]
[Result "1/2-1/2"]
[WhiteElo "1736"]
[BlackElo "1667"]
[PlyCount "20"]
[EventDate "2016.04.11"]
[EventType "tourn"]
[EventRounds "9"]
[EventCountry "COL"]
[SourceTitle "EXT 2018"]
[Source "ChessBase"]
[SourceDate "2017.10.13"]
[SourceVersion "1"]
[SourceVersionDate "2017.10.13"]
[SourceQuality "1"]

1. e4 c5 2. Nf3 d6 3. g3 Nf6 4. d3 Nc6 5. Bg2 Bg4 6. c3 Qd7 7. h3 Bh5 8. 0-0 e5 9. a3 Be7 10. Kh2 0-0 1/2-1/2

[Event "COL-ch U16"]
[Site "Medellin"]
[Date "2016.04.12"]
[Round "2"]
[White "Arboleda Orozco, Juan M"]
[Black "Ruiz Jaraba, Gabriel"]
[Result "0-1"]
[WhiteElo "1914"]
[BlackElo "1667"]
[PlyCount "56"]
[EventDate "2016.04.11"]
[EventType "tourn"]
[EventRounds "9"]
[EventCountry "COL"]
[SourceTitle "EXT 2018"]
[Source "ChessBase"]
[SourceDate "2017.10.13"]
[SourceVersion "1"]
[SourceVersionDate "2017.10.13"]
[SourceQuality "1"]

1. e4 c5 2. Nf3 d6 3. d4 cxd4 4. Nxd4 Nf6 5. Nc3 a6 6. Bg5 Nbd7 7. f4 Qc7 8. Qf3 e6 9. 0-0-0 b5 10. a3 Rb8 11. g4 b4 12. axb4 Rxb4 13. Bxf6 Nxf6 14. Bg2 Be7 15. f5 Qb6 16. Nb3 a5 17. e5 Nxg4 18. exd6 Ne5 19. Qa8 Bg5+ 20. Kb1 0-0 21. fxe6 Bxe6 22. Nd5 Bxd5 23. Qxd5 a4 24. Qxe5 axb3 25. c3 Ra4 26. Qxg5 Qa6 27. Kc1 Qe2 28. Be4 Ra1+ 0-1

[Event "COL-ch U16"]
[Site "Medellin"]
[Date "2016.04.11"]
[Round "1"]
[White "Ruiz Jaraba, Gabriel"]
[Black "Lopez Gonzalez, Carlos Andres"]
[Result "1-0"]
[WhiteElo "1667"]
[BlackElo "1660"]
[PlyCount "51"]
[EventDate "2016.04.11"]
[EventType "tourn"]
[EventRounds "9"]
[EventCountry "COL"]
[SourceTitle "EXT 2018"]
[Source "ChessBase"]
[SourceDate "2017.10.13"]
[SourceVersion "1"]
[SourceVersionDate "2017.10.13"]
[SourceQuality "1"]

1. e4 c5 2. f4 Nc6 3. Nf3 g6 4. c3 d5 5. e5 e6 6. Bb5 Nge7 7. 0-0 a6 8. Bxc6+ Nxc6 9. d4 cxd4 10. cxd4 Bd7 11. Nc3 Rc8 12. Kh1 Na5 13. Rb1 Nc4 14. f5 gxf5 15. Ng5 h5 16. Ne2 Bh6 17. h4 Bxg5 18. Bxg5 Qa5 19. a4 Qb4 20. b3 Na3 21. Rc1 Rxc1 22. Qxc1 Qxb3 23. Qc7 f6 24. Bxf6 Rh7 25. Qd8+ Kf7 26. Qxd7+ 1-0

[Event "COL-ch Amateur"]
[Site "Medellin Antioquia"]
[Date "2016.02.29"]
[Round "2"]
[White "Ruiz Jaraba, Gabriel"]
[Black "Toro Castaneda, Miguel Angel"]
[Result "1/2-1/2"]
[WhiteElo "1574"]
[BlackElo "1631"]
[PlyCount "40"]
[EventDate "2016.02.29"]
[EventType "swiss"]
[EventRounds "9"]
[EventCountry "COL"]
[SourceTitle "EXT 2020"]
[Source "ChessBase"]
[SourceDate "2019.10.17"]
[SourceVersion "1"]
[SourceVersionDate "2019.10.17"]
[SourceQuality "1"]

1. e4 c5 2. Nf3 d6 3. d4 cxd4 4. Nxd4 Nf6 5. Nc3 g6 6. Be3 Bg7 7. f3 0-0 8. Qd2 Nc6 9. 0-0-0 Nxd4 10. Bxd4 Be6 11. g4 Qa5 12. Kb1 Rfc8 13. Nd5 Qxd2 14. Nxf6+ Bxf6 15. Rxd2 Bxd4 16. Rxd4 Rab8 17. h4 b5 18. g5 Rc5 19. b4 Rc3 20. Rd3 Rbc8 1/2-1/2

[Event "Pan American-ch U14"]
[Site "Cali"]
[Date "2015.06.30"]
[Round "4"]
[White "Ruiz Jaraba, Gabriel"]
[Black "Arboleda Orozco, Juan M"]
[Result "0-1"]
[WhiteElo "1529"]
[BlackElo "1976"]
[PlyCount "56"]
[EventDate "2015.06.28"]
[EventType "swiss"]
[EventRounds "9"]
[EventCountry "COL"]
[SourceTitle "EXT 2016"]
[Source "ChessBase"]
[SourceDate "2015.10.08"]
[SourceVersion "1"]
[SourceVersionDate "2015.10.08"]
[SourceQuality "1"]

1. e4 c5 2. Nf3 d6 3. d4 cxd4 4. Nxd4 Nf6 5. Nc3 g6 6. Be3 Bg7 7. f3 0-0 8. Qd2 Nc6 9. 0-0-0 Nxd4 10. Bxd4 Be6 11. Kb1 Qc7 12. h4 Rfc8 13. g4 Qa5 14. a3 Rab8 15. h5 b5 16. hxg6 hxg6 17. Na2 Qc7 18. Bc3 d5 19. exd5 Bxd5 20. Be2 Rd8 21. Qg5 a5 22. Be5 Bxa2+ 23. Kxa2 Qxc2 24. Bxb8 Nd5 25. Be5 f6 26. Bd3 Nb4+ 27. Ka1 Rxd3 28. Qc1 Rxa3+ 0-1

[Event "North Region-ch U16 Integrada"]
[Site "Cartagena"]
[Date "2015.03.30"]
[Round "5.2"]
[White "Ruiz Jaraba, Gabriel"]
[Black "Pena Bermudez, Juan Camilo"]
[Result "0-1"]
[WhiteElo "1569"]
[BlackElo "1779"]
[PlyCount "100"]
[EventDate "2015.03.28"]
[EventType "swiss"]
[EventRounds "6"]
[EventCountry "COL"]
[SourceTitle "EXT 2024"]
[Source "ChessBase"]
[SourceDate "2023.10.10"]
[SourceVersion "1"]
[SourceVersionDate "2023.10.10"]
[SourceQuality "1"]

1. e4 c5 2. Nf3 e6 3. Nc3 a6 4. Be2 Qc7 5. 0-0 d6 6. d4 cxd4 7. Nxd4 b6 8. Be3 Nf6 9. Nf3 Bb7 10. Nd2 Nbd7 11. a4 Nc5 12. Bxc5 dxc5 13. Bf3 Bd6 14. h3 0-0-0 15. Qe2 Bf4 16. Nc4 Rd4 17. Rfd1 e5 18. b3 Rhd8 19. g3 Bh6 20. Kg2 Bc6 21. Ne3 Bxe3 22. Qxe3 Qb7 23. Re1 Rd2 24. Rac1 h6 25. a5 R2d4 26. axb6 Qxb6 27. Ne2 Rb4 28. Nc3 Rbd4 29. Ne2 Rd2 30. Nc3 Qb4 31. Nb1 R2d6 32. Qe2 Kb7 33. Qe3 Nh7 34. Kh2 Ng5 35. Bg2 Ne6 36. f3 h5 37. Nc3 h4 38. g4 Nf4 39. Bf1 Rd2+ 40. Kh1 R8d6 41. Nb1 Qa5 42. Nxd2 Rxd2 43. c3 Qa2 44. Ra1 Qc2 45. Bxa6+ Kb6 46. Bf1 Rh2+ 47. Kg1 Rg2+ 48. Kh1 Bb5 49. c4 Rf2 50. Re2 Rxf1+ 0-1

[Event "North Region-ch U16 Integrada"]
[Site "Cartagena"]
[Date "2015.03.29"]
[Round "4.4"]
[White "Ruiz Jaraba, Gabriel"]
[Black "Bolivar, Jhan Mario"]
[Result "0-1"]
[WhiteElo "1569"]
[BlackElo "1567"]
[PlyCount "29"]
[EventDate "2015.03.28"]
[EventType "swiss"]
[EventRounds "6"]
[EventCountry "COL"]
[SourceTitle "EXT 2024"]
[Source "ChessBase"]
[SourceDate "2023.10.10"]
[SourceVersion "1"]
[SourceVersionDate "2023.10.10"]
[SourceQuality "1"]

1. e4 e6 2. d4 d5 3. Nd2 Nf6 4. e5 Nfd7 5. Ngf3 c5 6. c3 Qb6 7. Be2 Nc6 8. Nb3 c4 9. Nbd2 Qd8 10. 0-0 Be7 11. Re1 0-0 12. Nf1 f6 13. exf6 Nxf6 14. Ng3 Qc7 15. a3 0-1

[Event "North Region-ch U16 Integrada"]
[Site "Cartagena"]
[Date "2015.03.28"]
[Round "1.1"]
[White "Ricciulli Vargas, Roberth Eliece"]
[Black "Ruiz Jaraba, Gabriel"]
[Result "1-0"]
[WhiteElo "1859"]
[BlackElo "1569"]
[PlyCount "123"]
[EventDate "2015.03.28"]
[EventType "swiss"]
[EventRounds "6"]
[EventCountry "COL"]
[SourceTitle "EXT 2024"]
[Source "ChessBase"]
[SourceDate "2023.10.10"]
[SourceVersion "1"]
[SourceVersionDate "2023.10.10"]
[SourceQuality "1"]

1. e4 e6 2. d4 d5 3. exd5 exd5 4. Bd3 Nf6 5. Nf3 Be7 6. 0-0 0-0 7. Bg5 Bg4 8. Nbd2 Nc6 9. c3 h6 10. Bh4 a6 11. Re1 Re8 12. Qb3 Na5 13. Qa4 Bd7 14. Qc2 Nc6 15. Bxf6 Bxf6 16. Bf5 Bxf5 17. Qxf5 Qd6 18. Nb3 b6 19. Qd3 a5 20. Nbd2 Qd7 21. Qb5 Ne5 22. Qxd7 Nxd7 23. Nf1 Kf8 24. Ne3 c6 25. Re2 Re6 26. Rae1 Rae8 27. Kf1 b5 28. Ng4 Rxe2 29. Rxe2 Rxe2 30. Kxe2 Be7 31. Nge5 Nb8 32. Nd2 Bd6 33. Nb3 a4 34. Nc5 Ke7 35. Ned3 g5 36. g3 Nd7 37. Nxd7 Kxd7 38. Ke3 Ke6 39. f4 f6 40. Kf3 Kf5 41. h3 h5 42. b3 axb3 43. axb3 g4+ 44. hxg4+ hxg4+ 45. Ke2 Ke4 46. b4 Bf8 47. Nc1 Kf5 48. Nb3 Ke6 49. Na5 Kd7 50. f5 Bh6 51. Nb7 Kc7 52. Nc5 Kd6 53. Nd3 Ke7 54. Ne1 Kf7 55. Nc2 Kg7 56. Na1 Kf7 57. Kd3 Bg5 58. Nc2 Kg7 59. Ke2 Bh6 60. Ne1 Kf7 61. Nd3 Ke7 62. Nf2 1-0

[Event "Bogota Superate Intercol Adv"]
[Site "Bogota"]
[Date "2014.10.23"]
[Round "5.5"]
[White "Leon, Gustavo"]
[Black "Ruiz Jaraba, Gabriel"]
[Result "1-0"]
[WhiteElo "1844"]
[BlackElo "1557"]
[PlyCount "77"]
[EventDate "2014.10.23"]
[EventType "swiss (rapid)"]
[EventRounds "6"]
[EventCountry "COL"]
[SourceTitle "EXT 2024"]
[Source "ChessBase"]
[SourceDate "2023.10.10"]
[SourceVersion "1"]
[SourceVersionDate "2023.10.10"]
[SourceQuality "1"]

1. e4 e6 2. d4 d5 3. Nd2 Nf6 4. e5 Nfd7 5. c3 Be7 6. f4 0-0 7. Ndf3 c5 8. Bd3 Nc6 9. Ne2 c4 10. Bc2 Nb6 11. 0-0 f6 12. Ng3 fxe5 13. fxe5 Bd7 14. Qd2 h6 15. Nh5 Be8 16. Nxg7 Bg5 17. Nxg5 Rxf1+ 18. Kxf1 Qxg5 19. Qxg5 hxg5 20. Nxe6 Bd7 21. Nxg5 Rf8+ 22. Kg1 Kg7 23. Bd2 Nd8 24. Rf1 Rxf1+ 25. Kxf1 Ne6 26. h4 Nxg5 27. Bxg5 Be6 28. h5 Bg8 29. h6+ Kf7 30. h7 Bxh7 31. Bxh7 Ke6 32. g4 Nd7 33. Bf5+ Kf7 34. e6+ Ke8 35. exd7+ Kf7 36. d8Q Kg7 37. Qe7+ Kg8 38. Be6+ Kh8 39. Bf6# 1-0

[Event "Bogota Superate Intercol"]
[Site "Bogota"]
[Date "2014.10.23"]
[Round "5.9"]
[White "Ruiz Jaraba, Gabriel"]
[Black "Montenegro, Juan Pablo"]
[Result "1-0"]
[WhiteElo "1557"]
[BlackElo "1327"]
[PlyCount "91"]
[EventDate "2014.10.21"]
[EventType "swiss"]
[EventRounds "5"]
[EventCountry "COL"]
[SourceTitle "EXT 2024"]
[Source "ChessBase"]
[SourceDate "2023.10.10"]
[SourceVersion "1"]
[SourceVersionDate "2023.10.10"]
[SourceQuality "1"]

1. e4 e5 2. Nf3 Nc6 3. Bb5 Nf6 4. d3 d6 5. h3 Be6 6. 0-0 a6 7. Bxc6+ bxc6 8. Nc3 d5 9. Nxe5 Qd6 10. Bf4 Rb8 11. Ng6 Qd7 12. Nxh8 Rxb2 13. e5 Ng8 14. Rb1 Ba3 15. Rxb2 Bxb2 16. Na4 Ba3 17. Qh5 h6 18. Rb1 Be7 19. Rb8+ Bd8 20. Nc5 g6 21. Nxd7 gxh5 22. Nc5 Ne7 23. Bxh6 d4 24. Bg5 Bxa2 25. Nb7 Kf8 26. Rxd8+ Kg7 27. Bxe7 a5 28. Bf6+ Kh7 29. Nxa5 c5 30. Nb7 c4 31. Rxd4 c5 32. Nxc5 c3 33. Na4 Bb1 34. Nxc3 Bxc2 35. Rd7 Bb3 36. d4 h4 37. d5 Kh6 38. Nxf7+ Kg6 39. Bxh4 Kf5 40. Nh6+ Kg6 41. e6 Bc2 42. e7 Kh5 43. e8Q+ Kxh6 44. Qe6+ Kh5 45. Qg4+ Kh6 46. Qg5# 1-0

[Event "COL-ch U12"]
[Site "Florencia"]
[Date "2013.06.01"]
[Round "4"]
[White "Ruiz Jaraba, Gabriel"]
[Black "Perez V, Juan Esteban"]
[Result "0-1"]
[WhiteElo "1467"]
[BlackElo "1767"]
[PlyCount "78"]
[EventDate "2013.05.31"]
[EventType "swiss"]
[EventRounds "7"]
[EventCountry "COL"]
[SourceTitle "CBM 154 Extra"]
[Source "ChessBase"]
[SourceDate "2013.06.25"]
[SourceVersion "2"]
[SourceVersionDate "2013.06.25"]
[SourceQuality "1"]

1. d4 d5 2. Nc3 e6 3. e4 c6 4. e5 f6 5. Nf3 Ne7 6. exf6 gxf6 7. Bd3 Bg7 8. 0-0 Nd7 9. Ne2 Nb6 10. c3 Qc7 11. Bf4 e5 12. dxe5 fxe5 13. Be3 e4 14. Bd4 Bxd4 15. Nfxd4 exd3 16. Qxd3 Bd7 17. b3 0-0-0 18. a4 Kb8 19. a5 Nbc8 20. c4 dxc4 21. bxc4 Nd6 22. Rfb1 Nef5 23. a6 b6 24. c5 Nxd4 25. cxb6 Nxe2+ 26. Qxe2 axb6 27. a7+ Ka8 28. Ra6 Nb5 29. Qf3 Qb7 30. Ra2 Rhf8 31. Qd3 Bf5 32. Qb3 Bxb1 33. Ra1 Nc3 34. h3 Qc7 35. g3 Rd1+ 36. Kg2 Be4+ 37. f3 Bxf3+ 38. Kf2 Bd5+ 39. Ke3 Qe5# 0-1

[Event "North Region-ch U12"]
[Site "Hurtado"]
[Date "2013.04.14"]
[Round "6.2"]
[White "Ruiz Jaraba, Gabriel"]
[Black "Restrepo Murgas, Mateo Alejandro"]
[Result "1-0"]
[WhiteElo "1345"]
[BlackElo "1230"]
[PlyCount "53"]
[EventDate "2013.04.11"]
[EventType "swiss"]
[EventRounds "6"]
[EventCountry "COL"]
[SourceTitle "EXT 2024"]
[Source "ChessBase"]
[SourceDate "2023.10.10"]
[SourceVersion "1"]
[SourceVersionDate "2023.10.10"]
[SourceQuality "1"]

1. e4 Nc6 2. Bc4 Ne5 3. Bb3 Nh6 4. Nf3 Nhg4 5. 0-0 e6 6. d4 Bb4 7. Nxe5 0-0 8. Nxg4 Qe7 9. a3 Bc5 10. dxc5 Qxc5 11. Be3 Qe7 12. Nc3 b5 13. Nxb5 Rb8 14. Nxa7 Bb7 15. e5 d6 16. exd6 cxd6 17. Nb5 d5 18. Ne5 Bc8 19. Nc6 Rxb5 20. Nxe7+ Kh8 21. Nxc8 Rxc8 22. c3 Rf8 23. Bd4 e5 24. Bxe5 Kg8 25. Ba4 Rbb8 26. Qg4 Rxb2 27. Qxg7# 1-0